000 00938nam a2200253 i 4500
003 DO-SdBNP
005 20250207092848.0
007 ta
008 231026e1983 dr c 000 0 spa d
040 _aDO-SdBNP
_bspa
_cBNPHU
_erda
082 4 _axx
_bC679v
_222
100 1 _aCoiscou Weber, Rodolfo
_919739
_eautor
_4aut.
245 1 0 _aEl vedrinismo:
_bVigil Días, Zacarías Espinal. /
_cRodolfo Coiscou Weber
264 1 _aSanto Domingo :
_bEditora Imprenta Héctor Blanco Weber,
_bEditora FRAHEGIO,
_c1983.
300 _a32 páginas :
_bIlustraciones ;
_c16 cm.
336 _atexto
_btxt
_2rdacontent
337 _asin mediación
_bn
_2rdamedia
338 _avolumen
_bnc
_2rdacarrier
490 _aAntología de Nuestra Voz ;
_v3
590 _aInventariado 2023 / MF
600 1 0 _aDíaz, Vigil,
_d1880-1961
_xCrítica e Interpretación
_922114
600 4 _aEspinal, Zacarías,
_d1902-1933
_xCrítica e Interpretación
_922116
942 _2ddc
_cLF2
999 _c55296
_d55296